000 00620nam a22001937a 4500
999 _c171982
_d171982
005 20200124115534.0
010 _aB-731156
020 _a9788189923549
_c195.00
035 _aB-731156
037 _bNew Light
_adpl
082 _a488.1
100 _aPaul, D.S.
245 _aWord power: for better English /
_cby D.S.Paul
260 _aNew Delhi
_bNew Light Publishers
_c201?
270 _aB-8, Rattan Jyoti, Rajendra Place
_bNew Delhi
_e110008
300 _avi,422p.
_c22cm(pbk)
942 _2ddc
_cEN
_mPAU
_h488.1